| 000 | 00598nam a2200217Ia 4500 | ||
|---|---|---|---|
| 005 | 20210908111541.0 | ||
| 008 | 131103s9999 xx 000 0 und d | ||
| 040 | _aLoreto College | ||
| 041 | _aEnglish | ||
| 082 |
_a320 _bMAC |
||
| 100 | _aMackenzie, W. J. M. | ||
| 245 | 4 |
_aThe Study of political science today _cW. J. M. Mackenzie |
|
| 260 |
_aLondon _bMacmillan _cc1970 |
||
| 300 | _a96 p. | ||
| 440 | _aStudies in the comparative politics | ||
| 504 | _aIncludes bibliographical references | ||
| 650 | _aPolitics - | ||
| 651 | _aPolitical Science - | ||
| 850 | _aLCLIB | ||
| 942 | _cBK | ||
| 999 |
_c374 _d50853 |
||